Formule 1 - Pays accueillants des courses - Statistiques

Statistiques générales
  • Ce quiz a été pris 233 fois
    223 depuis la dernière actualisation
  • Le résultat moyen est 32 sur 36
Réponses sur la Carte
Les réponses sont colorées sur une échelle allant du rouge au vert en fonction du pourcentage des utilisateurs qui les ont devinées à leur premier essai. Vous pouvez retrouver ces pourcentages ci-dessous.
 
Statistiques - réponses
Réponse % Correct
Océanie Australie
99%
Amérique du Sud Brésil
99%
Amérique du Nord Canada
99%
Asie Chine
99%
Europe Espagne
99%
Amérique du Nord États-Unis
99%
Europe France
99%
Europe Italie
99%
Asie Japon
99%
Europe Royaume-Uni
99%
Europe Allemagne
98%
Amérique du Nord Mexique
98%
Amérique du Sud Argentine
96%
Europe Russie
96%
Europe Belgique
95%
Europe Portugal
93%
Europe Pays-Bas
91%
Asie Arabie Saoudite
90%
Europe Autriche
89%
Asie Inde
89%
Asie Qatar
88%
Europe Suisse
88%
Afrique Afrique du Sud
87%
Europe Hongrie
87%
Afrique Maroc
84%
Asie Turquie
84%
Asie Émirats Arabes Unis
83%
Europe Monaco
83%
Europe Suède
83%
Asie Bahreïn
76%
Asie Corée du Sud
76%
Asie Singapour
76%
Asie Azerbaïdjan
73%
Asie Malaisie
66%
Europe Saint-Marin
57%
Europe Luxembourg
56%
Aucun quiz correspondant
Distribution des résultats
% des personnes avec chaque résultat
Percentile par nombre de réponses
Votre historique - résultats
Vous n’avez pas pris ce quiz depuis la dernière actualisation